[Event "Lienz op-B 18th"]
[Site "Lienz"]
[Date "2015.02.14"]
[Round "9"]
[White "Kuenzl, Michael"]
[Black "Mesaros, Sebastian"]
[Result "1-0"]
[WhiteElo "1903"]
[BlackElo "1937"]
[PlyCount "45"]
[EventDate "2015.02.07"]
[EventType "swiss"]
[EventRounds "9"]
[EventCountry "AUT"]
[SourceTitle "CBM 165 Extra"]
[Source "ChessBase"]
[SourceDate "2015.04.21"]
[SourceVersion "1"]
[SourceVersionDate "2015.04.21"]
[SourceQuality "1"]

1. e4 c5 2. Nc3 e6 3. Bc4 a6 4. a3 b5 5. Ba2 Bb7 6. d3 g6 7. f4 Ne7 8. Be3 d6 9. Nf3 Bg7 10. 0-0 0-0 11. Qe1 Nbc6 12. Qh4 Nd4 13. Rf2 Nec6 14. Qh3 Nxf3+ 15. Qxf3 Nd4 16. Qh3 Qa5 17. f5 exf5 18. Nd5 Bxd5 19. Bxd5 Rae8 20. c3 Ne6 21. exf5 Nc7 22. fxg6 Nxd5 23. Qxh7# 1-0

[Event "Lienz op-B 18th"]
[Site "Lienz"]
[Date "2015.02.13"]
[Round "8"]
[White "Rozman, Monika"]
[Black "Kuenzl, Michael"]
[Result "0-1"]
[WhiteElo "1838"]
[BlackElo "1903"]
[PlyCount "56"]
[EventDate "2015.02.07"]
[EventType "swiss"]
[EventRounds "9"]
[EventCountry "AUT"]
[SourceTitle "CBM 165 Extra"]
[Source "ChessBase"]
[SourceDate "2015.04.21"]
[SourceVersion "1"]
[SourceVersionDate "2015.04.21"]
[SourceQuality "1"]

1. e4 e6 2. d4 d5 3. exd5 exd5 4. Bd3 Bd6 5. Qf3 Be6 6. Ne2 Nf6 7. h3 h6 8. Bf4 c5 9. Bxd6 Qxd6 10. dxc5 Qxc5 11. c3 Nc6 12. Nd2 Ne5 13. Qg3 Nxd3+ 14. Qxd3 0-0 15. 0-0 Rfe8 16. Nb3 Qb6 17. Ned4 Bd7 18. Rfe1 Ne4 19. Re2 a5 20. a4 Nf6 21. Qc2 Re4 22. Rd2 Rae8 23. Kf1 Qd6 24. f3 Re3 25. Ne2 Qh2 26. Ng1 Bxa4 27. Rdd1 Bb5+ 28. Kf2 Nh5 0-1